| 000 | 00491nam a2200181Ia 4500 | ||
|---|---|---|---|
| 003 | OSt | ||
| 005 | 20230509075923.0 | ||
| 008 | 210423s2000 xx 000 0 und d | ||
| 040 | _cAL | ||
| 041 | _aeng | ||
| 082 |
_a303.3 _223 _bCHAC |
||
| 100 |
_aCHATTERJIE (Partha);JEGANATHAN (Pradeep),Ed. _9100124 |
||
| 245 | _aCommunity gender and violence. | ||
| 260 |
_aNew Delhi _bUniversities Press _c2000 |
||
| 365 |
_b575 _cINR |
||
| 906 | _aCommunity ; gender ; violence. | ||
| 942 |
_2ddc _cBK |
||
| 999 |
_c171385 _d171385 |
||